Calculus Labs for MATLAB (Record no. 290061)

000 -LEADER
fixed length control field 00277 a2200109 4500
001 - CONTROL NUMBER
control field 54988
090 ## - LOCALLY ASSIGNED LC-TYPE CALL NUMBER (OCLC); LOCAL CALL NUMBER (RLIN)
-- 34083
-- 34083
100 ## - MAIN ENTRY--PERSONAL NAME
Personal name Cconnor, Kevin M.
245 ## - TITLE STATEMENT
Title Calculus Labs for MATLAB
Statement of responsibility, etc. connor Kevin M.
260 ## - PUBLICATION, DISTRIBUTION, ETC.
Place of publication, distribution, etc. London
Name of publisher, distributor, etc. Jones And Barlett Pub, London
Date of publication, distribution, etc. 2005
300 ## - PHYSICAL DESCRIPTION
Extent vii, 121 p
942 ## - ADDED ENTRY ELEMENTS (KOHA)
Institution code [OBSOLETE] NUST-CAE
Holdings
Withdrawn status Lost status Damaged status Not for loan Collection code Permanent Location Current Location Date acquired Total Checkouts Barcode Date last seen Price effective from Koha item type
          College of Aeronautical Engineering (CAE) College of Aeronautical Engineering (CAE) 04/03/2017   CAE78416 04/05/2017 04/05/2017 Book
© 2023 Central Library, National University of Sciences and Technology. All Rights Reserved.